| 000 | 00561nam a2200241 a 4500 | ||
|---|---|---|---|
| 001 | nice12345678 | ||
| 003 | IN_TiNIC | ||
| 005 | 20260116011621.0 | ||
| 008 | 050524s1927 teha grp 000 0 urd | ||
| 020 |
_a _c0.25 |
||
| 082 | 0 | 0 |
_a297.409 _bFAU |
| 100 | _aFauq, M | ||
| 245 | _aIbraheem Adham | ||
| 260 |
_aTehran _bNo Publisher _c1927 |
||
| 300 | _a56p | ||
| 500 | _aincludes index and biblioraphy | ||
| 505 | 2 | _aPlus Some Other Tracts | |
| 650 | _aSufism-Hagiography | ||
| 700 | 1 | _aFauq, M | |
| 902 | _bSRS | ||
| 942 | _cBK | ||
| 999 |
_c2918 _d2918 |
||